Guess the Taylor Swift Song (no hints) 115 - Statistics

General Stats
  • This quiz has been taken 87 times
  • The average score is 329 of 393
Answer Stats
Answer % Correct
"I
100%
I
100%
a
98%
A
98%
an
98%
and
98%
And
98%
Do
98%
"Do
98%
it
98%
it?
98%
it's
98%
It's
98%
know
98%
say,
98%
say
98%
(say
98%
the
98%
We
98%
we
98%
You
98%
you
98%
your
98%
you're
98%
(You're
98%
(you're
98%
You're
98%
don't
96%
don't"
96%
me
96%
me)
96%
me"
96%
My
96%
my
96%
this
96%
Who
96%
be
93%
for
93%
For
93%
if
93%
I'm
93%
in
93%
In
93%
of
93%
to
93%
To
93%
How
91%
is
91%
love
91%
that
91%
were
91%
as
89%
at
89%
can
89%
can't
89%
her
89%
just
89%
all
87%
what
87%
would
87%
but
85%
come
85%
from
85%
heart
85%
now
85%
Now,
85%
out
85%
was
85%
'cause
83%
'Cause
83%
('cause
83%
something,
83%
something"
83%
something)
83%
thought
83%
time,
83%
time
83%
too
83%
with
83%
babe,
80%
even
80%
got
80%
(got
80%
losin'
80%
only
80%
Stop,
80%
Stop
80%
(stop)
80%
(stop,
80%
stop),
80%
thing
80%
could
78%
Every
78%
have
78%
or
78%
see
78%
they
78%
understand, "
78%
wanted
78%
won't
78%
wouldn't
78%
anymore
76%
back
76%
did
76%
find
76%
loved
76%
sit
76%
down
74%
everything
74%
life?
74%
long
74%
"Lose
74%
nothing
74%
nothing)
74%
someone
74%
start
74%
tell
74%
wonder
74%
gone
72%
light
72%
people
72%
best
70%
dark
70%
eyes
70%
keep
70%
lookin'
70%
marry
70%
pleaser
70%
pulse
70%
sad
70%
army
67%
believe
67%
either
67%
fear
67%
Fighting
67%
Frontlines,
67%
gave
67%
ignore
67%
party
67%
risk
67%
song
67%
choosin'
65%
cure
65%
dyin'?
65%
getting
65%
might
65%
pathological
65%
'Til
65%
tried
65%
Unless
65%
admit
63%
Always
63%
empathy
63%
endless
63%
face
63%
far
63%
room,
63%
sick
63%
through
63%
throw
63%
bring
61%
built
61%
me's,
61%
pain
61%
Remember
61%
thinkin'
61%
tired
61%
until
61%
ashes
59%
bleed
59%
blow
59%
bravest
59%
final
59%
phoenix
59%
soldier
59%
storms
59%
air
57%
"Choose
57%
gray,
57%
Mendin'
57%
risin'
57%
such
57%
fadin',
54%
gashes
54%
hallway
54%
bit
52%
dealt
52%
mornin',
52%
nails
52%
runnin'
52%
thick
52%
quick
50%
sent
50%
signals
50%
glared
48%
imposition
48%
indecision
46%
loss
43%
No matching quizzes found
Score Distribution
Percent of People with Each Score
Percentile by Number Answered
Your Score History
You have not taken this quiz